000 00447nam a2200181Ia 4500
008 100917s9999 xx 000 0 und d
082 _b12073
100 _aमतकरी रत्नाकर
245 _aखेकडा
260 _bहंस प्रकाशन
_c1970
300 _a148
365 _b6
520 _aकथा
630 _aखेकडा
650 _aकथा
730 _aखेकडा
942 _cBOOK
999 _c617467
_d617464